[Poistenie automobilov]

Z obsahu: Porovnávať cenové ponuky v poistení áut už má cenu. Agresívna cenová ponuka ČSOB rozladila konkurentov. Zdedený deficit po Slovenskej poisťovni dvíha poistné najmenej o desatinu. Dobrých vodičov odmeňujú, no zlých netrescú. Hľadanie nepoistených áut stroskotáva na nedostatkoch centrálnej e...

Descripción completa

Guardado en:
Detalles Bibliográficos
Autor principal: Brondošová, Jana
Otros Autores: Záborský, Ján
Formato: Capítulo de libro
Lenguaje:eslovaco
Materias:
Etiquetas: Agregar Etiqueta
Sin Etiquetas, Sea el primero en etiquetar este registro!

MARC

LEADER 00000naa$a2200000$$$4500
001 0021953
005 20231009075621.1
041 0 |a slo 
044 |a SK 
245 1 0 |a [Poistenie automobilov]  |c Jana Brondošová, Ján Záborský 
520 |a Z obsahu: Porovnávať cenové ponuky v poistení áut už má cenu. Agresívna cenová ponuka ČSOB rozladila konkurentov. Zdedený deficit po Slovenskej poisťovni dvíha poistné najmenej o desatinu. Dobrých vodičov odmeňujú, no zlých netrescú. Hľadanie nepoistených áut stroskotáva na nedostatkoch centrálnej evidencie vozidiel. Poistné je drahšie aj kvôli podvodníkom. 
610 2 0 |a poistenie 
610 2 0 |a poistné 
610 2 0 |a automobily 
610 2 0 |a ceny 
610 2 0 |a konkurencia 
610 2 0 |a poisťovne 
610 2 0 |a podvody 
100 1 |a Brondošová, Jana 
700 1 |a Záborský, Ján